000 00915 a2200205 4500
003 NUST
005 20221102133404.0
010 _a 74151681
020 _a0721670407
040 _cNust
082 0 0 _a510,OWE
100 1 _aOwen, Guillermo.
_9102260
245 1 0 _aFinite mathematics and calculus :
_bmathematics for the social and management sciences /
_cGuillermo Owen, M. Evans Munroe.
260 _aPhiladelphia,
_bSaunders,
_c1971.
300 _ax, 598 p.:
_billus.
_c26 cm.
505 _aSets Functions and Logic (Page-1), Analytic Geometry (Page-53), Non Linear Curves (Page-113), The Theory of Probability (Page-169), Differential Calculus (Page-220), Integral Calculus (Page-301), Vector and Matrices (Page-354), Linear Programming (Page-413), Advance Probability (Page-489), Appendix (Page-535) .
650 0 _aMathematics.
700 1 _aMunroe, M. Evans
_d1918-
_9102261
942 _2ddc
_cBK
_k510,OWE
999 _c180123
_d180123